[Event "Oberfranken-ch M 0809"]
[Site "Schney"]
[Date "2009.01.04"]
[Round "5"]
[White "Hennigs, Stefan"]
[Black "Christof, Oliver"]
[Result "1/2-1/2"]
[WhiteElo "2043"]
[BlackElo "1901"]
[PlyCount "36"]
[EventDate "2009.01.02"]
[EventType "swiss"]
[EventRounds "7"]
[EventCountry "GER"]
[SourceTitle "CBM 128 Extra"]
[Source "ChessBase"]
[SourceDate "2009.03.05"]
[SourceVersion "2"]
[SourceVersionDate "2009.03.25"]
[SourceQuality "1"]

1. e4 d5 2. exd5 Qxd5 3. Nc3 Qd6 4. d4 a6 5. Nf3 Nf6 6. Bd3 Nc6 7. 0-0 Bg4 8. Ne4 Nxe4 9. Bxe4 f5 10. Bxc6+ Qxc6 11. d5 Qf6 12. Qd3 Bxf3 13. Qxf3 0-0-0 14. Re1 e5 15. dxe6 Re8 16. Qb3 Bd6 17. Qc4 Re7 18. Bd2 Rhe8 1/2-1/2

[Event "Oberfranken-ch M 0809"]
[Site "Schney"]
[Date "2009.01.03"]
[Round "4"]
[White "Shashkin, Igor"]
[Black "Hennigs, Stefan"]
[Result "1/2-1/2"]
[WhiteElo "2056"]
[BlackElo "2043"]
[PlyCount "36"]
[EventDate "2009.01.02"]
[EventType "swiss"]
[EventRounds "7"]
[EventCountry "GER"]
[SourceTitle "CBM 128 Extra"]
[Source "ChessBase"]
[SourceDate "2009.03.05"]
[SourceVersion "2"]
[SourceVersionDate "2009.03.25"]
[SourceQuality "1"]

1. e4 c5 2. Nf3 d6 3. d4 cxd4 4. Nxd4 Nf6 5. Nc3 a6 6. g3 b5 7. Bg2 Bb7 8. a3 e6 9. 0-0 Nbd7 10. Re1 Qc7 11. Bf4 Nc5 12. Qe2 Be7 13. Bd2 0-0 14. g4 Rfd8 15. g5 Ne8 16. Qh5 g6 17. Qe2 Ng7 18. h4 Re8 1/2-1/2

[Event "Oberfranken-ch M 0708"]
[Site "Schney"]
[Date "2008.01.04"]
[Round "5"]
[White "Hennigs, Stefan"]
[Black "Lengerer, Peter"]
[Result "1/2-1/2"]
[WhiteElo "1910"]
[BlackElo "2050"]
[PlyCount "41"]
[EventDate "2008.01.02"]
[EventType "swiss"]
[EventRounds "7"]
[EventCountry "GER"]
[SourceTitle "CBM 122 Extra"]
[Source "ChessBase"]
[SourceDate "2008.03.04"]
[SourceVersion "1"]
[SourceVersionDate "2008.03.04"]
[SourceQuality "1"]

1. e4 g6 2. d4 Bg7 3. Nc3 d6 4. Be3 a6 5. Qd2 b5 6. Bd3 Nd7 7. Nf3 c5 8. 0-0 Bb7 9. a3 Ngf6 10. Bh6 0-0 11. Rfe1 Bxh6 12. Qxh6 cxd4 13. Nxd4 Qb6 14. Nb3 Qxf2+ 15. Kxf2 Ng4+ 16. Kg3 Nxh6 17. Na5 Nc5 18. Nxb7 Nxb7 19. a4 bxa4 20. Nxa4 a5 21. Nb6 1/2-1/2

[Event "Oberfranken-ch M 0708"]
[Site "Schney"]
[Date "2008.01.02"]
[Round "1"]
[White "Hennigs, Stefan"]
[Black "Breithut, Kurt Georg"]
[Result "1/2-1/2"]
[WhiteElo "1910"]
[BlackElo "2122"]
[PlyCount "75"]
[EventDate "2008.01.02"]
[EventType "swiss"]
[EventRounds "7"]
[EventCountry "GER"]
[SourceTitle "CBM 122 Extra"]
[Source "ChessBase"]
[SourceDate "2008.03.04"]
[SourceVersion "1"]
[SourceVersionDate "2008.03.04"]
[SourceQuality "1"]

1. e4 b6 2. d4 Bb7 3. Bd3 e6 4. Nf3 Nf6 5. Nbd2 Be7 6. 0-0 c5 7. c3 cxd4 8. cxd4 Nc6 9. Re1 Rc8 10. Nf1 0-0 11. Bf4 Bb4 12. N1d2 Re8 13. Rc1 Ne7 14. a3 Ng6 15. Bg5 Rxc1 16. Qxc1 Be7 17. Nh4 d6 18. Nxg6 hxg6 19. Bb5 Rf8 20. Qc2 Qb8 21. Rc1 Rc8 22. Qd1 Bd8 23. f3 a6 24. Bd3 b5 25. Nb3 Bb6 26. Kf1 e5 27. d5 Nd7 28. Rxc8+ Qxc8 29. Qc2 f6 30. Qxc8+ Bxc8 31. Bd2 Kf7 32. Ke2 Nc5 33. Nxc5 Bxc5 34. Be3 Bxe3 35. Kxe3 g5 36. g4 g6 37. h3 Ke7 38. b4 1/2-1/2

[Event "Regionalliga NW 0708"]
[Site "Bayern"]
[Date "2007.12.09"]
[Round "4.8"]
[White "Elbert, Thomas"]
[Black "Hennigs, Stefan"]
[Result "1/2-1/2"]
[WhiteElo "1649"]
[BlackElo "1910"]
[PlyCount "28"]
[EventDate "2007.10.21"]
[EventType "team-tourn"]
[EventRounds "9"]
[EventCountry "GER"]
[SourceTitle "EXT 2009"]
[Source "ChessBase"]
[SourceDate "2008.11.26"]
[SourceVersion "1"]
[SourceVersionDate "2008.11.26"]
[SourceQuality "1"]
[WhiteTeam "Sailauf"]
[BlackTeam "Bindlach III"]
[WhiteTeamCountry "GER"]
[BlackTeamCountry "GER"]

1. d4 d5 2. Nf3 Nf6 3. e3 e6 4. Bd3 c5 5. b3 Nc6 6. 0-0 Bd6 7. Bb2 0-0 8. Ne5 Qc7 9. f4 Nb4 10. Nd2 b6 11. Rf3 Nxd3 12. cxd3 Bb7 13. Rg3 Rac8 14. dxc5 Bxc5 1/2-1/2